[Event "EYCC Girls U16 2021"]
[Site "Tornelo"]
[Date "2021.10.15"]
[Round "8.5"]
[White "Lomaia, Diana"]
[Black "Pipiras, Filipa Fortuna"]
[Result "0-1"]
[WhiteElo "2111"]
[BlackElo "1995"]
[Annotator "ChessBase"]
[PlyCount "158"]
[EventDate "2021.10.15"]
[EventType "swiss"]
[EventCountry "NET"]
[SourceTitle "playchess.com"]
[Source "ChessBase"]
[SourceQuality "1"]
[TimeControl "5400+30"]

1. d4 {[%emt 0:00:30]} d5 {[%emt 0:02:23]} 2. c4 {[%emt 0:00:05]} e6 {[%emt 0:00:46]} 3. Nc3 {[%emt 0:00:13]} Nf6 {[%emt 0:00:22]} 4. cxd5 {[%emt 0:00:05]} exd5 {[%emt 0:00:17]} 5. Bg5 {[%emt 0:00:04]} c6 {[%emt 0:00:27]} 6. e3 {[%emt 0:00:06]} Be6 {[%emt 0:01:13]} 7. Bd3 {[%emt 0:00:48]} Nbd7 {[%emt 0:00:41]} 8. Nge2 {[%emt 0:01:02]} h6 {[%emt 0:01:29]} 9. Bh4 {[%emt 0:00:32]} g5 {[%emt 0:00:17]} 10. Bg3 {[%emt 0:00:22]} Nh5 {[%emt 0:00:08]} 11. Qc2 {[%emt 0:06:03]} Nxg3 {[%emt 0:03:56]} 12. Nxg3 {[%emt 0:01:37]} h5 {[%emt 0:01:58]} 13. Nge2 {[%emt 0:10:06]} Bd6 {[%emt 0:12:19]} 14. O-O-O {[%emt 0:16:37]} Qc7 {[%emt 0:07:26]} 15. f3 {[%emt 0:04:22]} O-O-O {[%emt 0:04:36]} 16. Kb1 {[%emt 0:00:50]} Kb8 {[%emt 0:07:31]} 17. h3 {[%emt 0:12:45]} g4 {[%emt 0:08:06]} 18. e4 {[%emt 0:07:23]} dxe4 {[%emt 0:05:36]} 19. fxe4 {[%emt 0:00:18]} f6 {[%emt 0:00:57]} 20. Rdf1 {[%emt 0:04:14]} gxh3 {[%emt 0:05:12]} 21. gxh3 {[%emt 0:00:19]} Rhg8 {[%emt 0:00:24]} 22. d5 {[%emt 0:02:19]} cxd5 {[%emt 0:02:19]} 23. exd5 {[%emt 0:00:35]} Bf7 {[%emt 0:01:04]} 24. Be4 {[%emt 0:11:59]} Be5 {[%emt 0:06:06]} 25. Rd1 {[%emt 0:01:50]} a6 {[%emt 0:02:56]} 26. Rhf1 {[%emt 0:08:30]} Nb6 {[%emt 0:05:11]} 27. Rd3 {[%emt 0:02:33]} Nc4 {[%emt 0:01:24]} 28. Qc1 {[%emt 0:00:41]} Nd6 {[%emt 0:02:35]} 29. Bh7 {[%emt 0:03:42]} Rh8 {[%emt 0:02:07]} 30. Be4 {[%emt 0:00:54]} Nxe4 {[%emt 0:00:28]} 31. Nxe4 {[%emt 0:00:03]} Qxc1+ {[%emt 0:01:12]} 32. Kxc1 {[%emt 0:00:54]} Rxd5 {[%emt 0:07:09]} 33. Rxd5 {[%emt 0:00:39]} Bxd5 {[%emt 0:00:12]} 34. Nxf6 {[%emt 0:00:16]} Be6 {[%emt 0:00:47]} 35. h4 {[%emt 0:00:28]} Ka7 {[%emt 0:01:08]} 36. Ne4 {[%emt 0:00:35]} Bc4 {[%emt 0:03:47]} 37. Rf2 {[%emt 0:00:21]} Bxa2 {[%emt 0:00:59]} 38. Rf5 {[%emt 0:00:54]} Bg7 {[%emt 0:00:18]} 39. N2c3 {[%emt 0:01:50]} Be6 {[%emt 0:00:16]} 40. Rf1 {[%emt 0:00:23]} Be5 {[%emt 0:00:58]} 41. Kd2 {[%emt 0:00:44]} Rd8+ {[%emt 0:00:38]} 42. Kc2 {[%emt 0:00:25]} Rd4 {[%emt 0:01:17]} 43. Re1 {[%emt 0:01:29]} Bf5 {[%emt 0:00:32]} 44. Kb3 {[%emt 0:00:03]} Bc7 {[%emt 0:00:57]} 45. Re3 {[%emt 0:01:01]} Bd8 {[%emt 0:00:27]} 46. Ng3 {[%emt 0:00:21]} Bg4 {[%emt 0:00:29]} 47. Re5 {[%emt 0:00:27]} Bc7 {[%emt 0:00:23]} 48. Re3 {[%emt 0:00:15]} Bxg3 {[%emt 0:00:59]} 49. Rxg3 {[%emt 0:00:01]} Be6+ {[%emt 0:00:08]} 50. Kc2 {[%emt 0:00:12]} Rxh4 {[%emt 0:00:11]} 51. Rg2 {[%emt 0:00:28]} Rg4 {[%emt 0:00:38]} 52. Rh2 {[%emt 0:00:03]} h4 {[%emt 0:00:08]} 53. Ne2 {[%emt 0:00:08]} Re4 {[%emt 0:00:58]} 54. Nc3 {[%emt 0:00:13]} Rb4 {[%emt 0:00:30]} 55. Kc1 {[%emt 0:00:32]} h3 {[%emt 0:00:14]} 56. Ne2 {[%emt 0:00:45]} a5 {[%emt 0:00:49]} 57. Kc2 {[%emt 0:00:19]} Bf5+ {[%emt 0:00:15]} 58. Kc3 {[%emt 0:00:11]} Rh4 {[%emt 0:00:31]} 59. Nd4 {[%emt 0:00:13]} Be4 {[%emt 0:00:23]} 60. Nb5+ {[%emt 0:00:41]} Ka6 {[%emt 0:00:26]} 61. Nd6 {[%emt 0:00:12]} Bg2 {[%emt 0:00:34]} 62. Nf5 {[%emt 0:00:11]} Re4 {[%emt 0:00:55]} 63. Kd2 {[%emt 0:00:16]} a4 {[%emt 0:00:50]} 64. Ne3 {[%emt 0:00:16]} Rxe3 {[%emt 0:00:49]} 65. Kxe3 {[%emt 0:00:03]} Kb5 {[%emt 0:00:05]} 66. Kd3 {[%emt 0:00:46]} Kb4 {[%emt 0:00:07]} 67. Kc2 {[%emt 0:00:06]} Kc4 {[%emt 0:00:11]} 68. Kd2 {[%emt 0:00:43]} Kd4 {[%emt 0:00:30]} 69. Kc2 {[%emt 0:01:36]} Ke3 {[%emt 0:00:13]} 70. Kc3 {[%emt 0:00:58]} Kf2 {[%emt 0:00:11]} 71. Kb4 {[%emt 0:00:17]} Kg3 {[%emt 0:00:09]} 72. Rxh3+ {[%emt 0:00:10]} Kxh3 {[%emt 0:00:07]} 73. Kxa4 {[%emt 0:00:21]} Kg4 {[%emt 0:00:07]} 74. b4 {[%emt 0:00:16]} Kf5 {[%emt 0:00:06]} 75. Ka5 {[%emt 0:00:17]} Ke6 {[%emt 0:00:09]} 76. Kb6 {[%emt 0:00:06]} Kd6 {[%emt 0:00:05]} 77. b5 {[%emt 0:00:13]} Bh1 {[%emt 0:00:06]} 78. Ka7 {[%emt 0:00:36]} Kc5 {[%emt 0:00:09]} 79. b6 {[%emt 0:00:04]} Kb5 {[%emt 0:00:05]} 0-1

[Event "EYCC Girls U16 2021"]
[Site "Tornelo"]
[Date "2021.10.15"]
[Round "8.6"]
[White "Shuqja, Klean"]
[Black "Tokmakova, Ulyana"]
[Result "1/2-1/2"]
[WhiteElo "1877"]
[BlackElo "1977"]
[Annotator "ChessBase"]
[PlyCount "115"]
[EventDate "2021.10.15"]
[EventType "swiss"]
[EventCountry "NET"]
[SourceTitle "playchess.com"]
[Source "ChessBase"]
[SourceQuality "1"]
[TimeControl "5400+30"]

1. e4 {[%emt 0:00:30]} c5 {[%emt 0:00:36]} 2. Nf3 {[%emt 0:00:11]} d6 {[%emt 0:00:07]} 3. Bb5+ {[%emt 0:00:07]} Nd7 {[%emt 0:00:06]} 4. O-O {[%emt 0:00:21]} Ngf6 {[%emt 0:01:34]} 5. d4 {[%emt 0:00:09]} cxd4 {[%emt 0:03:56]} 6. Qxd4 {[%emt 0:01:59]} e5 {[%emt 0:02:17]} 7. Qd3 {[%emt 0:04:30]} Be7 {[%emt 0:01:14]} 8. Bg5 {[%emt 0:01:40]} O-O {[%emt 0:01:24]} 9. Bxd7 {[%emt 0:09:53]} Nxd7 {[%emt 0:06:44]} 10. Bxe7 {[%emt 0:03:10]} Qxe7 {[%emt 0:00:06]} 11. Nc3 {[%emt 0:08:45]} Nc5 {[%emt 0:01:35]} 12. Nd5 {[%emt 0:02:18]} Qd8 {[%emt 0:01:11]} 13. Qc4 {[%emt 0:03:26]} Ne6 {[%emt 0:06:50]} 14. Rfd1 {[%emt 0:05:28]} Bd7 {[%emt 0:10:12]} 15. Ne3 {[%emt 0:09:08]} Qb6 {[%emt 0:06:29]} 16. Qb3 {[%emt 0:06:09]} Qc6 {[%emt 0:07:49]} 17. Nf5 {[%emt 0:05:04]} Nc5 {[%emt 0:06:31]} 18. Ne7+ {[%emt 0:03:42]} Kh8 {[%emt 0:00:04]} 19. Nxc6 {[%emt 0:02:08]} Nxb3 {[%emt 0:00:04]} 20. cxb3 {[%emt 0:10:47]} Bxc6 {[%emt 0:00:09]} 21. Rxd6 {[%emt 0:00:26]} f6 {[%emt 0:00:55]} 22. Re1 {[%emt 0:01:07]} Rfd8 {[%emt 0:01:34]} 23. Rd2 {[%emt 0:05:45]} Rxd2 {[%emt 0:03:15]} 24. Nxd2 {[%emt 0:00:06]} Rd8 {[%emt 0:00:05]} 25. Nf1 {[%emt 0:03:39]} Kg8 {[%emt 0:02:52]} 26. f3 {[%emt 0:00:43]} Kf7 {[%emt 0:00:43]} 27. Kf2 {[%emt 0:01:18]} Ke6 {[%emt 0:02:38]} 28. Ne3 {[%emt 0:02:53]} Bb5 {[%emt 0:06:52]} 29. Nd5 {[%emt 0:02:12]} Bc6 {[%emt 0:00:38]} 30. Nc3 {[%emt 0:00:31]} g6 {[%emt 0:04:34]} 31. Rd1 {[%emt 0:00:36]} Rxd1 {[%emt 0:00:38]} 32. Nxd1 {[%emt 0:00:05]} f5 {[%emt 0:05:04]} 33. exf5+ {[%emt 0:01:34]} gxf5 {[%emt 0:00:14]} 34. Nc3 {[%emt 0:01:40]} Kf6 {[%emt 0:01:57]} 35. Ke3 {[%emt 0:01:19]} Kg5 {[%emt 0:00:31]} 36. b4 {[%emt 0:01:53]} a6 {[%emt 0:01:29]} 37. a4 {[%emt 0:01:26]} h5 {[%emt 0:01:09]} 38. b5 {[%emt 0:01:23]} axb5 {[%emt 0:00:03]} 39. Nxb5 {[%emt 0:01:06]} h4 {[%emt 0:00:48]} 40. g3 {[%emt 0:00:46]} hxg3 {[%emt 0:00:41]} 41. hxg3 {[%emt 0:00:03]} f4+ {[%emt 0:00:14]} 42. gxf4+ {[%emt 0:00:47]} exf4+ {[%emt 0:00:03]} 43. Ke2 {[%emt 0:00:35]} Kh4 {[%emt 0:03:27]} 44. Nd4 {[%emt 0:00:40]} Bxa4 {[%emt 0:00:26]} 45. Kd3 {[%emt 0:00:28]} Kg3 {[%emt 0:03:58]} 46. Ke4 {[%emt 0:00:20]} Bd1 {[%emt 0:00:44]} 47. b3 {[%emt 0:00:30]} b6 {[%emt 0:00:24]} 48. b4 {[%emt 0:00:07]} b5 {[%emt 0:00:16]} 49. Nf5+ {[%emt 0:00:23]} Kf2 {[%emt 0:00:12]} 50. Kxf4 {[%emt 0:00:36]} Bxf3 {[%emt 0:00:05]} 51. Nd4 {[%emt 0:00:23]} Bg2 {[%emt 0:00:55]} 52. Nxb5 {[%emt 0:00:10]} Ke2 {[%emt 0:00:37]} 53. Nd6 {[%emt 0:01:27]} Bc6 {[%emt 0:00:47]} 54. Nc8 {[%emt 0:00:37]} Kd3 {[%emt 0:00:14]} 55. Na7 {[%emt 0:00:28]} Ba4 {[%emt 0:01:03]} 56. Ke5 {[%emt 0:00:30]} Kc4 {[%emt 0:00:05]} 57. b5 {[%emt 0:00:11]} Bxb5 {[%emt 0:00:02]} 58. Nxb5 {[%emt 0:00:05]} 1/2-1/2

[Event "EYCC Girls U16 2021"]
[Site "Tornelo"]
[Date "2021.10.15"]
[Round "8.7"]
[White "Batagan, Ilinca-Petra"]
[Black "Follana Albelda, Lucia"]
[Result "0-1"]
[WhiteElo "1977"]
[BlackElo "1904"]
[Annotator "ChessBase"]
[PlyCount "128"]
[EventDate "2021.10.15"]
[EventType "swiss"]
[EventCountry "NET"]
[SourceTitle "playchess.com"]
[Source "ChessBase"]
[SourceQuality "1"]
[TimeControl "5400+30"]

1. e4 {[%emt 0:00:30]} c5 {[%emt 0:00:41]} 2. Nf3 {[%emt 0:00:06]} d6 {[%emt 0:00:08]} 3. d4 {[%emt 0:00:04]} cxd4 {[%emt 0:00:08]} 4. Nxd4 {[%emt 0:00:04]} Nf6 {[%emt 0:00:10]} 5. Nc3 {[%emt 0:00:05]} a6 {[%emt 0:00:37]} 6. Be3 {[%emt 0:00:31]} e5 {[%emt 0:00:22]} 7. Nb3 {[%emt 0:00:08]} Be7 {[%emt 0:00:09]} 8. h3 {[%emt 0:00:42]} h5 {[%emt 0:08:02]} 9. f4 {[%emt 0:01:32]} exf4 {[%emt 0:05:37]} 10. Bxf4 {[%emt 0:00:11]} Be6 {[%emt 0:02:58]} 11. Qe2 {[%emt 0:02:30]} Nc6 {[%emt 0:03:08]} 12. O-O-O {[%emt 0:00:59]} Qc7 {[%emt 0:04:32]} 13. g3 {[%emt 0:04:42]} Ne5 {[%emt 0:01:55]} 14. Bg2 {[%emt 0:07:38]} Rc8 {[%emt 0:04:01]} 15. Bxe5 {[%emt 0:02:12]} dxe5 {[%emt 0:00:42]} 16. Nd5 {[%emt 0:00:15]} Nxd5 {[%emt 0:01:43]} 17. exd5 {[%emt 0:00:07]} Bf5 {[%emt 0:00:19]} 18. Be4 {[%emt 0:01:45]} Bxe4 {[%emt 0:01:45]} 19. Qxe4 {[%emt 0:00:50]} O-O {[%emt 0:01:19]} 20. Rhf1 {[%emt 0:03:31]} g6 {[%emt 0:05:00]} 21. g4 {[%emt 0:02:18]} h4 {[%emt 0:05:18]} 22. Kb1 {[%emt 0:02:51]} Rfd8 {[%emt 0:03:00]} 23. Rf3 {[%emt 0:08:29]} Bg5 {[%emt 0:06:01]} 24. Rc3 {[%emt 0:06:56]} Qd6 {[%emt 0:00:32]} 25. Rxc8 {[%emt 0:00:18]} Rxc8 {[%emt 0:00:08]} 26. Nd2 {[%emt 0:03:03]} b5 {[%emt 0:03:06]} 27. Nf3 {[%emt 0:04:46]} Bf6 {[%emt 0:05:19]} 28. b3 {[%emt 0:12:02]} a5 {[%emt 0:02:31]} 29. g5 {[%emt 0:06:27]} Bg7 {[%emt 0:01:42]} 30. Nxh4 {[%emt 0:05:28]} a4 {[%emt 0:00:56]} 31. Nf3 {[%emt 0:00:47]} a3 {[%emt 0:02:24]} 32. Nd2 {[%emt 0:02:34]} Qc5 {[%emt 0:01:05]} 33. c4 {[%emt 0:01:01]} Qb4 {[%emt 0:02:56]} 34. Kc2 {[%emt 0:00:42]} Qc5 {[%emt 0:02:10]} 35. Kd3 {[%emt 0:03:26]} Qf2 {[%emt 0:01:17]} 36. Rf1 {[%emt 0:02:04]} bxc4+ {[%emt 0:03:05]} 37. bxc4 {[%emt 0:00:55]} Qb6 {[%emt 0:00:33]} 38. Nb3 {[%emt 0:00:18]} Qa6 {[%emt 0:01:21]} 39. Rc1 {[%emt 0:01:09]} f5 {[%emt 0:03:59]} 40. gxf6 {[%emt 0:00:54]} Qxf6 {[%emt 0:00:14]} 41. c5 {[%emt 0:01:45]} Qf2 {[%emt 0:01:23]} 42. Qxg6 {[%emt 0:02:35]} Qf3+ {[%emt 0:01:34]} 43. Kc4 {[%emt 0:07:53]} Qf4+ {[%emt 0:05:59]} 44. Kb5 {[%emt 0:00:05]} Rb8+ {[%emt 0:01:29]} 45. Kc6 {[%emt 0:00:12]} Qa4+ {[%emt 0:00:17]} 46. Kc7 {[%emt 0:02:04]} Qa7+ {[%emt 0:00:20]} 47. Kd6 {[%emt 0:00:29]} Rd8+ {[%emt 0:00:28]} 48. Kc6 {[%emt 0:00:08]} Qa6+ {[%emt 0:01:20]} 49. Kc7 {[%emt 0:00:04]} Qxg6 {[%emt 0:04:22]} 50. Kxd8 {[%emt 0:00:04]} Bf6+ {[%emt 0:00:57]} 51. Kc7 {[%emt 0:00:11]} Qf7+ {[%emt 0:00:13]} 52. Kd6 {[%emt 0:00:11]} Qe7+ {[%emt 0:00:46]} 53. Kc6 {[%emt 0:00:04]} Qe8+ {[%emt 0:00:07]} 54. Kb6 {[%emt 0:01:23]} Bd8+ {[%emt 0:00:41]} 55. Ka6 {[%emt 0:00:20]} e4 {[%emt 0:00:54]} 56. c6 {[%emt 0:00:54]} Bc7 {[%emt 0:00:18]} 57. Nc5 {[%emt 0:00:35]} e3 {[%emt 0:02:41]} 58. Ne6 {[%emt 0:00:27]} Qa8+ {[%emt 0:00:23]} 59. Kb5 {[%emt 0:00:04]} Qa5+ {[%emt 0:00:28]} 60. Kc4 {[%emt 0:00:03]} Bd6 {[%emt 0:00:59]} 61. Rg1+ {[%emt 0:01:18]} Kh8 {[%emt 0:00:15]} 62. Rg6 {[%emt 0:01:18]} Qb4+ {[%emt 0:00:14]} 63. Kd3 {[%emt 0:00:07]} Qb1+ {[%emt 0:00:34]} 64. Kxe3 {[%emt 0:00:12]} Qxg6 {[%emt 0:00:14]} 0-1

[Event "EYCC Girls U16 2021"]
[Site "Tornelo"]
[Date "2021.10.15"]
[Round "8.8"]
[White "Kara, Gulce Nehir"]
[Black "Perez Garcia, Jimena"]
[Result "1-0"]
[WhiteElo "1766"]
[BlackElo "1914"]
[Annotator "ChessBase"]
[PlyCount "119"]
[EventDate "2021.10.15"]
[EventType "swiss"]
[EventCountry "NET"]
[SourceTitle "playchess.com"]
[Source "ChessBase"]
[SourceQuality "1"]
[TimeControl "5400+30"]

1. d4 {[%emt 0:00:30]} Nf6 {[%emt 0:00:42]} 2. Bf4 {[%emt 0:00:06]} g6 {[%emt 0:00:09]} 3. Nc3 {[%emt 0:00:08]} d5 {[%emt 0:00:14]} 4. e3 {[%emt 0:00:15]} Bg7 {[%emt 0:00:29]} 5. h4 {[%emt 0:00:09]} h5 {[%emt 0:00:34]} 6. Nf3 {[%emt 0:00:21]} O-O {[%emt 0:01:28]} 7. Ne5 {[%emt 0:00:58]} c5 {[%emt 0:08:03]} 8. Qd2 {[%emt 0:00:50]} Nc6 {[%emt 0:03:17]} 9. dxc5 {[%emt 0:01:24]} Qa5 {[%emt 0:03:35]} 10. Nxc6 {[%emt 0:02:15]} bxc6 {[%emt 0:00:16]} 11. Be5 {[%emt 0:00:26]} Ne4 {[%emt 0:08:42]} 12. Nxe4 {[%emt 0:07:55]} Qxd2+ {[%emt 0:00:12]} 13. Nxd2 {[%emt 0:00:34]} Bxe5 {[%emt 0:00:10]} 14. c3 {[%emt 0:00:35]} Rb8 {[%emt 0:01:09]} 15. O-O-O {[%emt 0:09:23]} Bd7 {[%emt 0:07:25]} 16. Nb3 {[%emt 0:05:01]} a5 {[%emt 0:06:50]} 17. Nxa5 {[%emt 0:10:11]} Ra8 {[%emt 0:01:30]} 18. Nc4 {[%emt 0:01:36]} Bc7 {[%emt 0:09:47]} 19. a3 {[%emt 0:02:57]} Bf5 {[%emt 0:03:07]} 20. Nd2 {[%emt 0:06:10]} Rfb8 {[%emt 0:01:41]} 21. Be2 {[%emt 0:03:29]} Ra5 {[%emt 0:05:23]} 22. b4 {[%emt 0:01:57]} Rxa3 {[%emt 0:07:18]} 23. Kb2 {[%emt 0:00:19]} Ra7 {[%emt 0:00:38]} 24. Ra1 {[%emt 0:00:23]} Rab7 {[%emt 0:00:25]} 25. Ra6 {[%emt 0:01:20]} Be5 {[%emt 0:01:04]} 26. Kb3 {[%emt 0:00:27]} Be6 {[%emt 0:07:25]} 27. Rxc6 {[%emt 0:01:50]} Bg7 {[%emt 0:07:19]} 28. Nf3 {[%emt 0:02:20]} Ra7 {[%emt 0:04:31]} 29. Ra6 {[%emt 0:03:22]} Rc7 {[%emt 0:00:25]} 30. Kc2 {[%emt 0:03:40]} Bc8 {[%emt 0:03:57]} 31. Ra5 {[%emt 0:00:35]} e5 {[%emt 0:01:14]} 32. Rd1 {[%emt 0:05:18]} Bf5+ {[%emt 0:00:35]} 33. Kb3 {[%emt 0:00:54]} Be4 {[%emt 0:03:01]} 34. Ne1 {[%emt 0:02:26]} Bf8 {[%emt 0:00:51]} 35. Ka3 {[%emt 0:01:03]} Rd7 {[%emt 0:01:16]} 36. f3 {[%emt 0:01:19]} Bf5 {[%emt 0:00:06]} 37. Bb5 {[%emt 0:09:20]} Rdd8 {[%emt 0:01:28]} 38. Bc6 {[%emt 0:04:42]} Be6 {[%emt 0:00:28]} 39. Kb2 {[%emt 0:03:34]} d4 {[%emt 0:00:57]} 40. exd4 {[%emt 0:01:44]} exd4 {[%emt 0:00:06]} 41. Rxd4 {[%emt 0:00:30]} Rxd4 {[%emt 0:00:07]} 42. cxd4 {[%emt 0:00:06]} Rxb4+ {[%emt 0:00:04]} 43. Kc3 {[%emt 0:00:07]} Rb3+ {[%emt 0:01:51]} 44. Kc2 {[%emt 0:03:15]} Bg7 {[%emt 0:00:15]} 45. Bd7 {[%emt 0:05:19]} Bxd4 {[%emt 0:01:01]} 46. Bxe6 {[%emt 0:00:05]} Rc3+ {[%emt 0:00:08]} 47. Kd2 {[%emt 0:00:02]} fxe6 {[%emt 0:00:09]} 48. Nd3 {[%emt 0:00:09]} e5 {[%emt 0:00:47]} 49. Ra4 {[%emt 0:01:17]} Rb3 {[%emt 0:01:20]} 50. Rc4 {[%emt 0:00:21]} Kf7 {[%emt 0:00:48]} 51. c6 {[%emt 0:01:38]} Rb8 {[%emt 0:00:07]} 52. f4 {[%emt 0:00:32]} Ke6 {[%emt 0:00:38]} 53. fxe5 {[%emt 0:01:01]} Bxe5 {[%emt 0:00:49]} 54. Re4 {[%emt 0:00:14]} Rc8 {[%emt 0:00:58]} 55. Rxe5+ {[%emt 0:00:11]} Kd6 {[%emt 0:00:18]} 56. Rc5 {[%emt 0:00:05]} Kc7 {[%emt 0:00:35]} 57. Rg5 {[%emt 0:00:25]} Rg8 {[%emt 0:00:42]} 58. Nf4 {[%emt 0:00:12]} Kxc6 {[%emt 0:00:07]} 59. Rxg6+ {[%emt 0:00:07]} Rxg6 {[%emt 0:00:06]} 60. Nxg6 {[%emt 0:00:02]} 1-0

[Event "EYCC Girls U16 2021"]
[Site "Tornelo"]
[Date "2021.10.15"]
[Round "8.9"]
[White "Volovich, Julia"]
[Black "Zabrzanska, Weronika"]
[Result "0-1"]
[WhiteElo "1742"]
[BlackElo "1892"]
[Annotator "NA"]
[PlyCount "114"]
[EventDate "2021.10.15"]
[EventType "swiss"]
[EventCountry "NET"]
[SourceTitle "playchess.com"]
[Source "ChessBase"]
[SourceQuality "1"]
[TimeControl "5400+30"]

1. d4 {[%emt 0:00:30]} d5 {[%emt 0:00:41]} 2. c4 {[%emt 0:00:05]} e6 {[%emt 0:00:02]} 3. Nc3 {[%emt 0:00:06]} Nf6 {[%emt 0:00:07]} 4. Bg5 {[%emt 0:00:26]} Be7 {[%emt 0:00:08]} 5. e3 {[%emt 0:00:06]} O-O {[%emt 0:00:21]} 6. Nf3 {[%emt 0:00:06]} h6 {[%emt 0:00:17]} 7. Bh4 {[%emt 0:00:06]} Ne4 {[%emt 0:06:24]} 8. Bxe7 {[%emt 0:00:14]} Qxe7 {[%emt 0:00:14]} 9. Rc1 {[%emt 0:00:06]} c6 {[%emt 0:00:51]} 10. g4 {[%emt 0:00:43]} Nd7 {[%emt 0:01:31]} 11. h4 {[%emt 0:00:18]} g6 {[%emt 0:02:12]} 12. Nxe4 {[%emt 0:18:08]} dxe4 {[%emt 0:00:18]} 13. Ne5 {[%emt 0:01:09]} Nxe5 {[%emt 0:10:41]} 14. dxe5 {[%emt 0:00:09]} f5 {[%emt 0:05:39]} 15. c5 {[%emt 0:21:11]} Rd8 {[%emt 0:00:52]} 16. Qc2 {[%emt 0:00:46]} Rd5 {[%emt 0:01:51]} 17. gxf5 {[%emt 0:06:19]} gxf5 {[%emt 0:04:39]} 18. f4 {[%emt 0:13:14]} exf3 {[%emt 0:06:04]} 19. Rg1+ {[%emt 0:01:05]} Kh8 {[%emt 0:14:26]} 20. Qh2 {[%emt 0:03:54]} Rd8 {[%emt 0:03:42]} 21. Rg6 {[%emt 0:11:40]} Kh7 {[%emt 0:04:21]} 22. h5 {[%emt 0:06:45]} Rg8 {[%emt 0:01:07]} 23. Rf6 {[%emt 0:02:08]} Bd7 {[%emt 0:01:26]} 24. Rd1 {[%emt 0:01:26]} Rg5 {[%emt 0:04:50]} 25. Qd2 {[%emt 0:06:10]} Rd8 {[%emt 0:08:53]} 26. Qd6 {[%emt 0:00:14]} Qe8 {[%emt 0:01:32]} 27. Rxe6 {[%emt 0:01:03]} Bxe6 {[%emt 0:00:47]} 28. Qxd8 {[%emt 0:00:09]} Qxd8 {[%emt 0:02:48]} 29. Rxd8 {[%emt 0:00:04]} Rxh5 {[%emt 0:00:02]} 30. Re8 {[%emt 0:01:05]} Bxa2 {[%emt 0:01:54]} 31. Re7+ {[%emt 0:00:13]} Kg6 {[%emt 0:00:13]} 32. Rxb7 {[%emt 0:00:05]} Bd5 {[%emt 0:02:00]} 33. b3 {[%emt 0:03:53]} Rh1 {[%emt 0:02:04]} 34. Rd7 {[%emt 0:00:53]} Bxb3 {[%emt 0:01:46]} 35. Kf2 {[%emt 0:01:19]} Bd5 {[%emt 0:01:01]} 36. e6 {[%emt 0:00:10]} h5 {[%emt 0:03:05]} 37. e7 {[%emt 0:00:28]} Kf7 {[%emt 0:00:15]} 38. Bd3 {[%emt 0:00:47]} Rh2+ {[%emt 0:05:41]} 39. Kg1 {[%emt 0:00:04]} Rg2+ {[%emt 0:00:33]} 40. Kf1 {[%emt 0:00:04]} h4 {[%emt 0:01:06]} 41. Bxf5 {[%emt 0:00:32]} Bc4+ {[%emt 0:01:28]} 42. Bd3 {[%emt 0:00:03]} Be6 {[%emt 0:00:55]} 43. Rd4 {[%emt 0:00:30]} Kxe7 {[%emt 0:00:34]} 44. Rxh4 {[%emt 0:00:09]} Rd2 {[%emt 0:00:19]} 45. Be4 {[%emt 0:00:25]} Bc4+ {[%emt 0:00:29]} 46. Ke1 {[%emt 0:00:18]} f2+ {[%emt 0:00:42]} 47. Kxd2 {[%emt 0:00:04]} f1=Q {[%emt 0:00:05]} 48. Rh7+ {[%emt 0:00:44]} Ke6 {[%emt 0:00:30]} 49. Rxa7 {[%emt 0:01:47]} Qf2+ {[%emt 0:00:21]} 50. Kc3 {[%emt 0:00:06]} Qxe3+ {[%emt 0:00:46]} 51. Kxc4 {[%emt 0:00:05]} Qxe4+ {[%emt 0:00:02]} 52. Kc3 {[%emt 0:00:10]} Qe5+ {[%emt 0:00:12]} 53. Kc4 {[%emt 0:00:11]} Qd5+ {[%emt 0:00:06]} 54. Kb4 {[%emt 0:00:11]} Qd4+ {[%emt 0:00:07]} 55. Kb3 {[%emt 0:00:11]} Qxc5 {[%emt 0:00:05]} 56. Rg7 {[%emt 0:00:10]} Qe3+ {[%emt 0:00:27]} 57. Kc2 {[%emt 0:00:19]} c5 {[%emt 0:00:14]} 0-1

[Event "EYCC Girls U16 2021"]
[Site "Tornelo"]
[Date "2021.10.15"]
[Round "8.10"]
[White "Hertlein, Irena"]
[Black "Mroz, Lena"]
[Result "1-0"]
[WhiteElo "1741"]
[BlackElo "1775"]
[Annotator "NA"]
[PlyCount "69"]
[EventDate "2021.10.15"]
[EventType "swiss"]
[EventCountry "NET"]
[SourceTitle "playchess.com"]
[Source "ChessBase"]
[SourceQuality "1"]
[TimeControl "5400+30"]

1. d4 {[%emt 0:00:30]} d5 {[%emt 0:00:46]} 2. Nf3 {[%emt 0:00:06]} Nf6 {[%emt 0:01:12]} 3. Bf4 {[%emt 0:00:05]} e6 {[%emt 0:01:48]} 4. e3 {[%emt 0:00:09]} c5 {[%emt 0:00:39]} 5. c3 {[%emt 0:00:05]} Nc6 {[%emt 0:01:30]} 6. Nbd2 {[%emt 0:00:18]} Bd6 {[%emt 0:00:15]} 7. Bg3 {[%emt 0:00:10]} O-O {[%emt 0:02:42]} 8. Bd3 {[%emt 0:00:06]} b6 {[%emt 0:00:30]} 9. e4 {[%emt 0:00:06]} Be7 {[%emt 0:04:41]} 10. e5 {[%emt 0:00:27]} Nh5 {[%emt 0:00:41]} 11. Ng5 {[%emt 0:00:14]} Bxg5 {[%emt 0:03:27]} 12. Qxh5 {[%emt 0:00:05]} g6 {[%emt 0:00:29]} 13. Qe2 {[%emt 0:00:06]} Bh6 {[%emt 0:02:15]} 14. h4 {[%emt 0:02:29]} cxd4 {[%emt 0:06:57]} 15. h5 {[%emt 0:01:24]} Bg7 {[%emt 0:19:55]} 16. Nf3 {[%emt 0:11:42]} dxc3 {[%emt 0:08:50]} 17. bxc3 {[%emt 0:00:07]} f5 {[%emt 0:04:44]} 18. hxg6 {[%emt 0:24:26]} hxg6 {[%emt 0:07:13]} 19. Bf4 {[%emt 0:00:17]} Qc7 {[%emt 0:06:55]} 20. Kf1 {[%emt 0:01:22]} Rd8 {[%emt 0:03:56]} 21. Qe3 {[%emt 0:04:12]} a5 {[%emt 0:04:30]} 22. Re1 {[%emt 0:09:56]} Ba6 {[%emt 0:06:26]} 23. Bxa6 {[%emt 0:01:03]} Rxa6 {[%emt 0:00:06]} 24. Ng5 {[%emt 0:02:07]} Qe7 {[%emt 0:02:47]} 25. Rh7 {[%emt 0:09:55]} d4 {[%emt 0:03:22]} 26. Qf3 {[%emt 0:16:25]} b5 {[%emt 0:00:42]} 27. cxd4 {[%emt 0:03:31]} Nxd4 {[%emt 0:00:24]} 28. Qh3 {[%emt 0:00:10]} Qc7 {[%emt 0:03:30]} 29. Rc1 {[%emt 0:02:51]} Qe7 {[%emt 0:01:05]} 30. Nf3 {[%emt 0:09:10]} Nxf3 {[%emt 0:00:25]} 31. Bh6 {[%emt 0:00:53]} Ng5 {[%emt 0:02:26]} 32. Bxg5 {[%emt 0:00:03]} Rd1+ {[%emt 0:00:44]} 33. Rxd1 {[%emt 0:00:10]} Qxg5 {[%emt 0:00:22]} 34. Rxg7+ {[%emt 0:00:19]} Kxg7 {[%emt 0:00:31]} 35. Rd7+ {[%emt 0:00:03]} 1-0